[Event "Madrid ch 2019-2020"]
[Site "Madrid ESP"]
[Date "2020.07.20"]
[Round "3.12"]
[White "Pablos Tenrero, Raquel"]
[Black "Almagro Llamas, Pablo"]
[Result "0-1"]
[WhiteElo "2042"]
[BlackElo "2443"]
[PlyCount "78"]
[EventDate "2020.07.18"]
[EventType "swiss"]
[EventRounds "9"]
[EventCountry "ESP"]
[SourceTitle "Ajedrez en Madrid"]
[Source "lmi"]
[SourceDate "2020.07.18"]
[SourceVersion "1"]
[SourceVersionDate "2020.09.10"]
[SourceQuality "1"]

1. e4 c6 2. Nc3 d5 3. Nf3 Bg4 4. h3 Bxf3 5. Qxf3 e6 6. Be2 Nf6 7. O-O h5 8. Rd1
d4 9. Nb1 Nbd7 10. c3 Ne5 11. Qf4 Ng6 12. Qf3 Bc5 13. d3 Qc7 14. b4 Bb6 15. c4
a5 16. c5 Ba7 17. a3 Bb8 18. g3 h4 19. g4 axb4 20. Bb2 Nh7 21. Bxd4 Ng5 22. Qh1
Nf4 23. Kf1 e5 24. Be3 Ngxh3 25. Nd2 bxa3 26. Nc4 Qe7 27. Rxa3 Rxa3 28. Nxa3
Ba7 29. Rc1 O-O 30. Nb1 Rd8 31. Nd2 g5 32. Nf3 f6 33. Ke1 Qe6 34. d4 Nxe2 35.
Kxe2 Qxg4 36. Kf1 exd4 37. Nxd4 Nf4 38. f3 Qd7 39. Qg1 Qh3+ 0-1

[Event "Madrid ch 2019-2020"]
[Site "Madrid ESP"]
[Date "2020.07.20"]
[Round "3.13"]
[White "Andrade Sandoval, Bianca"]
[Black "Moreno Uribarri, Miguel"]
[Result "0-1"]
[WhiteElo "1900"]
[BlackElo "1881"]
[PlyCount "58"]
[EventDate "2020.07.18"]
[EventType "swiss"]
[EventRounds "9"]
[EventCountry "ESP"]
[SourceTitle "Ajedrez en Madrid"]
[Source "lmi"]
[SourceDate "2020.07.18"]
[SourceVersion "1"]
[SourceVersionDate "2020.09.10"]
[SourceQuality "1"]

1. d4 Nf6 2. Bf4 g6 3. e3 Bg7 4. Nf3 O-O 5. Be2 d6 6. h3 Nc6 7. c4 e5 8. Bh2
Ne4 9. Nc3 Nxc3 10. bxc3 f5 11. O-O f4 12. Nd2 fxe3 13. fxe3 Qg5 14. Rxf8+ Bxf8
15. Nf1 Bxh3 16. Bf3 Re8 17. Bd5+ Kh8 18. Qf3 Bf5 19. Ng3 Bh6 20. Re1 exd4 21.
Nxf5 Qxf5 22. Bxc6 Rxe3 23. Qd1 Rxe1+ 24. Qxe1 Be3+ 25. Kh1 bxc6 26. cxd4 Qf2
27. Qb1 Bxd4 28. a4 Qb2 29. Qf1 Qa1 0-1

[Event "Madrid ch 2019-2020"]
[Site "Madrid ESP"]
[Date "2020.07.20"]
[Round "3.14"]
[White "Solaesa Navalpotro, Luis Julio"]
[Black "Vukotic Jovsic, Dragan"]
[Result "1-0"]
[WhiteElo "2240"]
[BlackElo "1905"]
[PlyCount "43"]
[EventDate "2020.07.18"]
[EventType "swiss"]
[EventRounds "9"]
[EventCountry "ESP"]
[SourceTitle "Ajedrez en Madrid"]
[Source "lmi"]
[SourceDate "2020.07.18"]
[SourceVersion "1"]
[SourceVersionDate "2020.09.10"]
[SourceQuality "1"]

1. Nf3 d5 2. c4 e6 3. b3 Nf6 4. g3 b6 5. Bg2 Bb7 6. O-O Be7 7. cxd5 exd5 8. d4
Nbd7 9. Nc3 O-O 10. Bf4 Ne4 11. Qc2 g5 12. Nxe4 dxe4 13. Bxc7 Qe8 14. Nd2 Rc8
15. Nxe4 Bxe4 16. Bxe4 Nf6 17. Bf5 Qb5 18. a4 Qd5 19. e4 Qb7 20. Rac1 Ba3 21.
Qc6 Qxc6 22. Rxc6 1-0

[Event "Madrid ch 2019-2020"]
[Site "Madrid ESP"]
[Date "2020.07.20"]
[Round "3.15"]
[White "Rodriguez Diaz, Alberto Jose"]
[Black "Giron Herranz, Juan"]
[Result "1-0"]
[WhiteElo "1918"]
[BlackElo "1811"]
[PlyCount "59"]
[EventDate "2020.07.18"]
[EventType "swiss"]
[EventRounds "9"]
[EventCountry "ESP"]
[SourceTitle "Ajedrez en Madrid"]
[Source "lmi"]
[SourceDate "2020.07.18"]
[SourceVersion "1"]
[SourceVersionDate "2020.09.10"]
[SourceQuality "1"]

1. f4 d5 2. Nf3 Nf6 3. g3 Nc6 4. Bg2 Bf5 5. d3 e6 6. O-O Bc5+ 7. e3 O-O 8. h3
h6 9. g4 Bh7 10. Kh1 Qd6 11. Qe1 Rad8 12. a3 a6 13. b4 Ba7 14. Bb2 Nd7 15. Nbd2
Ne7 16. Ne5 f6 17. Nxd7 Qxd7 18. Qg3 c5 19. e4 dxe4 20. Nxe4 Bxe4 21. Bxe4 cxb4
22. axb4 Nc6 23. b5 axb5 24. g5 hxg5 25. fxg5 f5 26. g6 Qe7 27. Bxc6 bxc6 28.
Rxa7 Qxa7 29. Qh4 Rfe8 30. Qh7+ 1-0

[Event "Madrid ch 2019-2020"]
[Site "Madrid ESP"]
[Date "2020.07.20"]
[Round "3.16"]
[White "Corral Aragon, Juan Maria"]
[Black "Cujba, Anca-Claudia"]
[Result "1-0"]
[WhiteElo "1813"]
[BlackElo "1673"]
[PlyCount "134"]
[EventDate "2020.07.18"]
[EventType "swiss"]
[EventRounds "9"]
[EventCountry "ESP"]
[SourceTitle "Ajedrez en Madrid"]
[Source "lmi"]
[SourceDate "2020.07.18"]
[SourceVersion "1"]
[SourceVersionDate "2020.09.10"]
[SourceQuality "1"]

1. e4 c5 2. Nf3 d6 3. d4 cxd4 4. Nxd4 Nf6 5. Nc3 a6 6. Bg5 e6 7. f4 Be7 8. Qf3
Nbd7 9. O-O-O Qc7 10. g4 b5 11. Bxf6 Nxf6 12. g5 Nd7 13. h4 Bb7 14. Bd3 Nc5 15.
f5 e5 16. Bxb5+ axb5 17. Ndxb5 Qb6 18. f6 gxf6 19. gxf6 Bf8 20. Kb1 Rb8 21. Rd5
Rg8 22. Rhd1 Bc6 23. Rxd6 Nxe4 24. Qxe4 Bxd6 25. Nxd6+ Kf8 26. Nc4 Bxe4 27.
Nxb6 Bf5 28. b3 Rg2 29. Nd7+ Bxd7 30. Rxd7 Ke8 31. Re7+ Kf8 32. Rxe5 Rc8 33.
Kb2 Rh2 34. Re4 Rf2 35. a4 Rxf6 36. Re2 Rf4 37. Nb5 Rxh4 38. Nd6 Rd8 39. Nb7
Rb8 40. Nc5 Kg7 41. Rg2+ Kh6 42. Rf2 Kg7 43. Nd7 Rb7 44. Rg2+ Kh6 45. Nf6 Rxa4
46. Rh2+ Kg7 47. Ne8+ Kg6 48. Rg2+ Kh6 49. Nd6 Rab4 50. Nxb7 Rxb7 51. c4 f5 52.
Kc3 f4 53. b4 f3 54. Rf2 Rf7 55. b5 Kg5 56. c5 Kf4 57. c6 Rc7 58. Kc4 Ke3 59.
Rf1 Ke2 60. Rh1 f2 61. Kc5 Rf7 62. b6 f1=Q 63. Rxf1 Rxf1 64. b7 Rb1 65. c7 Rxb7
66. c8=Q Re7 67. Qg4+ Kd3 1-0

[Event "Madrid ch 2019-2020"]
[Site "Madrid ESP"]
[Date "2020.07.21"]
[Round "4.1"]
[White "Renteria, Jorge"]
[Black "Martin Duque, Jesus"]
[Result "1/2-1/2"]
[WhiteElo "2308"]
[BlackElo "2421"]
[PlyCount "61"]
[EventDate "2020.07.18"]
[EventType "swiss"]
[EventRounds "9"]
[EventCountry "ESP"]
[SourceTitle "Ajedrez en Madrid"]
[Source "lmi"]
[SourceDate "2020.07.18"]
[SourceVersion "1"]
[SourceVersionDate "2020.09.10"]
[SourceQuality "1"]

1. e4 c5 2. Nf3 e6 3. d4 cxd4 4. Nxd4 a6 5. Bd3 Nf6 6. O-O Qc7 7. Qe2 d6 8. Kh1
g6 9. Bg5 Bg7 10. c3 O-O 11. Nd2 Nbd7 12. f4 h6 13. Bh4 e5 14. Nc2 exf4 15.
Bxf6 Bxf6 16. Rxf4 Bg5 17. Rff1 Ne5 18. h3 Be6 19. Nd4 Rae8 20. Nxe6 Rxe6 21.
Nf3 Nxd3 22. Qxd3 Rfe8 23. Rad1 Qb6 24. b3 Qa5 25. Nxg5 Qxg5 26. Qf3 Qe7 27.
Rd4 h5 28. c4 Kg7 29. Qc3 Kg8 30. Qf3 Kg7 31. Qc3 1/2-1/2

[Event "Madrid ch 2019-2020"]
[Site "Madrid ESP"]
[Date "2020.07.21"]
[Round "4.2"]
[White "Martinez Reyes, Pedro Ramon"]
[Black "Beltran De Heredia E., Miguel"]
[Result "1-0"]
[WhiteElo "2416"]
[BlackElo "2178"]
[PlyCount "107"]
[EventDate "2020.07.18"]
[EventType "swiss"]
[EventRounds "9"]
[EventCountry "ESP"]
[SourceTitle "Ajedrez en Madrid"]
[Source "lmi"]
[SourceDate "2020.07.18"]
[SourceVersion "1"]
[SourceVersionDate "2020.09.10"]
[SourceQuality "1"]

1. Nf3 Nf6 2. g3 g6 3. Bg2 Bg7 4. O-O O-O 5. d4 d6 6. a4 a5 7. Nc3 Nbd7 8. e4
e5 9. Re1 exd4 10. Nxd4 Re8 11. Ndb5 h6 12. h3 Ne5 13. f4 Nc6 14. Be3 Bd7 15.
Qd2 Qc8 16. Kh2 Nb4 17. Bf2 Bc6 18. Re2 Kh7 19. Rae1 Re7 20. Nd4 Qh8 21. Nxc6
bxc6 22. Nd1 Nd7 23. c3 Na6 24. e5 dxe5 25. Bxc6 Rd8 26. Qc2 Nac5 27. b4 Re6
28. Bg2 exf4 29. bxc5 fxg3+ 30. Bxg3 Nxc5 31. Rxe6 Nxe6 32. c4 Qf8 33. Bd5 Nd4
34. Qf2 c6 35. Bxf7 Rd7 36. Rf1 Qb4 37. Qf4 Re7 38. Qg4 Qd2+ 39. Rf2 Qd3 40.
Qc8 Rxf7 41. Rxf7 Nf5 42. Rxf5 gxf5 43. Nf2 Qxc4 44. Qxf5+ Kg8 45. Qxa5 Bd4 46.
Qd8+ Kf7 47. Qd7+ Kg8 48. Qe8+ Kh7 49. Qe4+ Kg8 50. Qg6+ Kh8 51. Qxh6+ Kg8 52.
Qg6+ Kh8 53. a5 Qc3 54. a6 1-0

[Event "Madrid ch 2019-2020"]
[Site "Madrid ESP"]
[Date "2020.07.21"]
[Round "4.3"]
[White "Aranda Marin, Cristian"]
[Black "Mkrtchyan, Levon"]
[Result "1-0"]
[WhiteElo "2353"]
[BlackElo "2215"]
[PlyCount "61"]
[EventDate "2020.07.18"]
[EventType "swiss"]
[EventRounds "9"]
[EventCountry "ESP"]
[SourceTitle "Ajedrez en Madrid"]
[Source "lmi"]
[SourceDate "2020.07.18"]
[SourceVersion "1"]
[SourceVersionDate "2020.09.10"]
[SourceQuality "1"]

1. c4 c5 2. Nc3 Nf6 3. g3 Nc6 4. Bg2 d6 5. d3 g6 6. a3 Bg7 7. Rb1 a5 8. Nf3 O-O
9. Bg5 h6 10. Bd2 Bd7 11. h3 Ne8 12. Nb5 Nc7 13. Bc3 Nxb5 14. Bxg7 Kxg7 15.
cxb5 Na7 16. a4 Qc7 17. d4 Rad8 18. Rc1 b6 19. Qd2 Qb8 20. Qc3 f6 21. d5 e5 22.
dxe6 Bxe6 23. e4 d5 24. exd5 Bxd5 25. O-O Bxf3 26. Qxf3 Rd4 27. Rfe1 Qd6 28.
Re3 Rxa4 29. Rce1 Nxb5 30. Re7+ Kh8 31. Qb7 1-0

[Event "Madrid ch 2019-2020"]
[Site "Madrid ESP"]
[Date "2020.07.21"]
[Round "4.4"]
[White "Moreno Ruiz, Javier"]
[Black "Khudov, Oleksandr"]
[Result "1-0"]
[WhiteElo "2436"]
[BlackElo "2207"]
[PlyCount "56"]
[EventDate "2020.07.18"]
[EventType "swiss"]
[EventRounds "9"]
[EventCountry "ESP"]
[SourceTitle "Ajedrez en Madrid"]
[Source "lmi"]
[SourceDate "2020.07.18"]
[SourceVersion "1"]
[SourceVersionDate "2020.09.10"]
[SourceQuality "1"]

1. e4 e6 2. d4 d5 3. Nc3 Bb4 4. a3 Bxc3+ 5. bxc3 dxe4 6. Qg4 Nf6 7. Qxg7 Rg8 8.
Qh6 Rg6 9. Qe3 c5 10. Ne2 Nc6 11. dxc5 Qa5 12. Bd2 Bd7 13. c4 Qc7 14. Nf4 Rg8
15. Bc3 Ng4 16. Qxe4 O-O-O 17. h3 f5 18. Qf3 Nce5 19. Qe2 Nf7 20. Nd3 Ngh6 21.
O-O-O e5 22. Nxe5 Rge8 23. Rd5 Ng8 24. Nxf7 Rxe2 25. Bxe2 Qf4+ 26. Rd2 Re8 27.
Nd6+ Kd8 28. g3 Qh6 1-0

[Event "Madrid ch 2019-2020"]
[Site "Madrid ESP"]
[Date "2020.07.21"]
[Round "4.5"]
[White "Martinez Fernandez, Raul"]
[Black "Quispe Arteaga, Gabriel"]
[Result "0-1"]
[WhiteElo "2220"]
[BlackElo "2397"]
[PlyCount "62"]
[EventDate "2020.07.18"]
[EventType "swiss"]
[EventRounds "9"]
[EventCountry "ESP"]
[SourceTitle "Ajedrez en Madrid"]
[Source "lmi"]
[SourceDate "2020.07.18"]
[SourceVersion "1"]
[SourceVersionDate "2020.09.10"]
[SourceQuality "1"]

1. e4 c5 2. Nf3 d6 3. Bb5+ Nd7 4. d4 cxd4 5. Qxd4 a6 6. Bxd7+ Bxd7 7. O-O e5 8.
Qd3 h6 9. c4 b5 10. b3 Qb6 11. Nc3 Nf6 12. Nd5 Nxd5 13. cxd5 Be7 14. Be3 Qb7
15. Nd2 g5 16. b4 a5 17. bxa5 Rxa5 18. Qb3 Qa6 19. Rfc1 Ra3 20. Qd1 Bd8 21. Qh5
Rxa2 22. Rab1 Qa4 23. Rf1 Ba5 24. Nf3 Qxe4 25. Nxg5 Qg6 26. Qxg6 fxg6 27. Ne4
Ke7 28. f4 Bf5 29. Rxb5 Bxe4 30. Rb7+ Ke8 31. Rb8+ Kd7 0-1

[Event "Madrid ch 2019-2020"]
[Site "Madrid ESP"]
[Date "2020.07.21"]
[Round "4.6"]
[White "Torres Boch, Jose F"]
[Black "Suarez Uriel, Adrian"]
[Result "0-1"]
[WhiteElo "2150"]
[BlackElo "2340"]
[PlyCount "88"]
[EventDate "2020.07.18"]
[EventType "swiss"]
[EventRounds "9"]
[EventCountry "ESP"]
[SourceTitle "Ajedrez en Madrid"]
[Source "lmi"]
[SourceDate "2020.07.18"]
[SourceVersion "1"]
[SourceVersionDate "2020.09.10"]
[SourceQuality "1"]

1. e4 c5 2. Nf3 Nc6 3. d4 cxd4 4. Nxd4 e5 5. Nb5 d6 6. N1c3 a6 7. Na3 Be6 8.
Nc4 Rb8 9. a4 Be7 10. Be3 Nf6 11. Bb6 Qd7 12. Ne3 O-O 13. Ned5 Bd8 14. a5 Bxd5
15. exd5 Ne7 16. Be3 Ng4 17. Ba7 Ra8 18. Be2 f5 19. Bxg4 Rxa7 20. Bh3 g5 21. g4
f4 22. Bg2 Ng6 23. Be4 Nh4 24. Qd3 b5 25. axb6 Bxb6 26. Bf5 Qd8 27. Ne4 a5 28.
Qa3 Re7 29. c3 Bc5 30. Qxa5 Qb8 31. Qa2 Qb5 32. b4 Bxb4 33. cxb4 Rxf5 34. gxf5
Nf3+ 35. Kd1 Qd3+ 36. Nd2 Nxd2 37. Qa6 Nc4+ 38. Ke1 Qe4+ 39. Kf1 Nd2+ 40. Kg1
Nf3+ 41. Kf1 Nxh2+ 42. Kg1 Nf3+ 43. Kf1 Nd2+ 44. Kg1 f3 0-1

[Event "Madrid ch 2019-2020"]
[Site "Madrid ESP"]
[Date "2020.07.21"]
[Round "4.7"]
[White "Rodriguez Polo, Mateo"]
[Black "Gago Padreny, Ignacio"]
[Result "0-1"]
[WhiteElo "2077"]
[BlackElo "2289"]
[PlyCount "86"]
[EventDate "2020.07.18"]
[EventType "swiss"]
[EventRounds "9"]
[EventCountry "ESP"]
[SourceTitle "Ajedrez en Madrid"]
[Source "lmi"]
[SourceDate "2020.07.18"]
[SourceVersion "1"]
[SourceVersionDate "2020.09.10"]
[SourceQuality "1"]

1. Nf3 d5 2. c4 e6 3. g3 Nf6 4. Bg2 Be7 5. O-O O-O 6. b3 c5 7. Bb2 d4 8. e3 Nc6
9. exd4 cxd4 10. Re1 Ne8 11. Ne5 Nxe5 12. Rxe5 f6 13. Re1 e5 14. Ba3 Nd6 15. f4
Nf7 16. Bxe7 Qxe7 17. d3 a5 18. Nd2 Qc7 19. Rf1 Bd7 20. Ne4 Nh6 21. fxe5 Qxe5
22. Qf3 Ng4 23. Bh3 f5 24. Nd2 Bc6 25. Rae1 Bxf3 26. Rxe5 Nxe5 27. Nxf3 Nxf3+
28. Rxf3 g6 29. Rf4 Rad8 30. Bg2 g5 31. Rf2 b6 32. a3 Rde8 33. b4 Re1+ 34. Bf1
Ra1 35. Re2 Rf6 36. bxa5 bxa5 37. Re5 Rxa3 38. Rd5 Ra1 39. Rxd4 a4 40. c5 Ra6
41. Rc4 a3 42. c6 Rxf1+ 43. Kg2 Rxc6 0-1

[Event "Madrid ch 2019-2020"]
[Site "Madrid ESP"]
[Date "2020.07.21"]
[Round "4.8"]
[White "Reyes Peñas, Sebastian"]
[Black "Garcia Dorado, Alberto"]
[Result "1/2-1/2"]
[WhiteElo "2272"]
[BlackElo "2175"]
[PlyCount "85"]
[EventDate "2020.07.18"]
[EventType "swiss"]
[EventRounds "9"]
[EventCountry "ESP"]
[SourceTitle "Ajedrez en Madrid"]
[Source "lmi"]
[SourceDate "2020.07.18"]
[SourceVersion "1"]
[SourceVersionDate "2020.09.10"]
[SourceQuality "1"]

1. e4 c5 2. Nf3 d6 3. d4 cxd4 4. Nxd4 Nf6 5. Nc3 a6 6. g3 e5 7. Nde2 Be7 8. Bg2
O-O 9. O-O b5 10. Nd5 Nbd7 11. Nec3 Bb7 12. a4 Nxd5 13. Nxd5 Bxd5 14. exd5 b4
15. a5 Bg5 16. f4 Bf6 17. f5 Bg5 18. Qg4 Bxc1 19. Rfxc1 Rb8 20. Ra4 Qc7 21. Kh1
Qc5 22. Qe2 Qb5 23. Qxb5 Rxb5 24. Bf1 Rbb8 25. c3 bxc3 26. bxc3 Nc5 27. Rb4 Rb7
28. Rxb7 Nxb7 29. Bxa6 Nc5 30. Bf1 Ra8 31. Rb1 Kf8 32. Rb6 Rxa5 33. Rxd6 Ne4
34. Rd8+ Ke7 35. Rg8 Nf6 36. d6+ Kxd6 37. Rxg7 e4 38. Rxf7 Ke5 39. Bh3 Ra1+ 40.
Kg2 Ra2+ 41. Kg1 Ra1+ 42. Kg2 Ra2+ 43. Kg1 1/2-1/2

[Event "Madrid ch 2019-2020"]
[Site "Madrid ESP"]
[Date "2020.07.21"]
[Round "4.9"]
[White "Almagro Llamas, Pablo"]
[Black "Solaesa Navalpotro, Luis Julio"]
[Result "0-1"]
[WhiteElo "2443"]
[BlackElo "2240"]
[PlyCount "88"]
[EventDate "2020.07.18"]
[EventType "swiss"]
[EventRounds "9"]
[EventCountry "ESP"]
[SourceTitle "Ajedrez en Madrid"]
[Source "lmi"]
[SourceDate "2020.07.18"]
[SourceVersion "1"]
[SourceVersionDate "2020.09.10"]
[SourceQuality "1"]

1. d4 Nf6 2. Nf3 e6 3. e3 d5 4. c4 c5 5. cxd5 exd5 6. Bb5+ Bd7 7. Bxd7+ Qxd7 8.
O-O Nc6 9. b3 cxd4 10. Nxd4 Be7 11. Bb2 O-O 12. Nc3 Rac8 13. Nxc6 bxc6 14. Rc1
Bd6 15. Qd3 Ng4 16. h3 Ne5 17. Qe2 Rfe8 18. Na4 Qf5 19. Rfd1 Re6 20. f4 Ng6 21.
Qf3 Nh4 22. Qg3 Ng6 23. Bd4 Ba3 24. Rc3 Bb4 25. Rcd3 c5 26. Bb2 d4 27. a3 Ba5
28. b4 Bc7 29. Nxc5 Rxe3 30. Rxe3 dxe3 31. Qxe3 Bxf4 32. Qd3 Qg5 33. Qd7 Be3+
34. Kh1 Rf8 35. Ne4 Qf4 36. Qd3 Bb6 37. Qc3 f6 38. Nd6 Ne5 39. a4 h6 40. a5 Be3
41. Qb3+ Kh8 42. Qe6 Nf3 43. gxf3 Qxf3+ 44. Kh2 Bf4+ 0-1

[Event "Madrid ch 2019-2020"]
[Site "Madrid ESP"]
[Date "2020.07.21"]
[Round "4.10"]
[White "Moreno Uribarri, Miguel"]
[Black "Perez Gonzalez, Jose Manuel"]
[Result "0-1"]
[WhiteElo "1881"]
[BlackElo "2177"]
[PlyCount "118"]
[EventDate "2020.07.18"]
[EventType "swiss"]
[EventRounds "9"]
[EventCountry "ESP"]
[SourceTitle "Ajedrez en Madrid"]
[Source "lmi"]
[SourceDate "2020.07.18"]
[SourceVersion "1"]
[SourceVersionDate "2020.09.10"]
[SourceQuality "1"]

1. e4 c5 2. Nf3 g6 3. d4 cxd4 4. Qxd4 Nf6 5. e5 Nc6 6. Qa4 Nd5 7. Qe4 Nb6 8.
Nc3 d5 9. exd6 Bf5 10. Qe2 Qxd6 11. Nb5 Qb8 12. Bg5 Bg7 13. O-O-O O-O 14. Nbd4
Rc8 15. Nxf5 gxf5 16. Kb1 Qc7 17. c3 Rd8 18. Rxd8+ Rxd8 19. Qc2 Nd5 20. Bd3 Qb6
21. Be3 Nxe3 22. fxe3 e6 23. e4 Qe3 24. Bb5 Qxe4 25. Qxe4 fxe4 26. Ng5 Rd2 27.
Nxe4 Rxg2 28. Nd6 Be5 29. Nxb7 Ne7 30. h3 Rd2 31. Na5 Rd5 32. Nc6 Rxb5 33.
Nxe7+ Kf8 34. Nc6 Bxc3 35. Kc2 Bf6 36. b4 Rb6 37. Nxa7 Rxb4 38. Rf1 Rb7 39.
Rxf6 Rxa7 40. Kb3 Kg7 41. Rf1 f5 42. a4 Kf6 43. Ra1 f4 44. Kc4 Kf5 45. Kd3 Ra5
46. Ke2 e5 47. Ra3 e4 48. Ra1 Ke5 49. Ra2 Kd4 50. Rd2+ Kc3 51. Rd7 Rxa4 52.
Rc7+ Kd4 53. Rd7+ Ke5 54. Rxh7 Ra2+ 55. Kf1 f3 56. Re7+ Kf4 57. h4 Ke3 58. Kg1
Ra1+ 59. Kh2 f2 0-1

[Event "Madrid ch 2019-2020"]
[Site "Madrid ESP"]
[Date "2020.07.21"]
[Round "4.11"]
[White "Pindado Campos, Raul"]
[Black "Corral Aragon, Juan Maria"]
[Result "1-0"]
[WhiteElo "2129"]
[BlackElo "1813"]
[PlyCount "53"]
[EventDate "2020.07.18"]
[EventType "swiss"]
[EventRounds "9"]
[EventCountry "ESP"]
[SourceTitle "Ajedrez en Madrid"]
[Source "lmi"]
[SourceDate "2020.07.18"]
[SourceVersion "1"]
[SourceVersionDate "2020.09.10"]
[SourceQuality "1"]

1. d4 d5 2. c4 c6 3. Nf3 dxc4 4. e3 e6 5. Bxc4 Nf6 6. O-O Nbd7 7. Nc3 Be7 8.
Bd3 h6 9. e4 g5 10. d5 Nc5 11. Be3 Nxd3 12. Qxd3 cxd5 13. exd5 Nxd5 14. Rfd1
Nxe3 15. Qxe3 Qb6 16. Qe2 O-O 17. h4 g4 18. Ne5 f5 19. Ng6 Bf6 20. Nxf8 Kxf8
21. g3 a5 22. Rac1 a4 23. Nb5 Be7 24. Qe5 Kf7 25. Rc7 Ra5 26. Rxe7+ Kxe7 27.
Qg7+ 1-0

[Event "Madrid ch 2019-2020"]
[Site "Madrid ESP"]
[Date "2020.07.21"]
[Round "4.12"]
[White "Guillo Longares, Cecilia"]
[Black "Rodriguez Diaz, Alberto Jose"]
[Result "1-0"]
[WhiteElo "2114"]
[BlackElo "1918"]
[PlyCount "37"]
[EventDate "2020.07.18"]
[EventType "swiss"]
[EventRounds "9"]
[EventCountry "ESP"]
[SourceTitle "Ajedrez en Madrid"]
[Source "lmi"]
[SourceDate "2020.07.18"]
[SourceVersion "1"]
[SourceVersionDate "2020.09.10"]
[SourceQuality "1"]

1. d4 f5 2. c4 Nf6 3. g3 g6 4. Bg2 Bg7 5. Nf3 O-O 6. O-O d6 7. Nc3 Qe8 8. d5
Na6 9. Nd4 Nc5 10. b4 e5 11. bxc5 exd4 12. Nb5 Ne4 13. Nxc7 Qd8 14. Nxa8 Nc3
15. Qd3 Nxe2+ 16. Qxe2 d3 17. Qxd3 Bxa1 18. cxd6 Qxd6 19. Ba3 1-0

[Event "Madrid ch 2019-2020"]
[Site "Madrid ESP"]
[Date "2020.07.21"]
[Round "4.13"]
[White "Viñas Blasco, Jorge"]
[Black "Pablos Tenrero, Raquel"]
[Result "0-1"]
[WhiteElo "1781"]
[BlackElo "2042"]
[PlyCount "116"]
[EventDate "2020.07.18"]
[EventType "swiss"]
[EventRounds "9"]
[EventCountry "ESP"]
[SourceTitle "Ajedrez en Madrid"]
[Source "lmi"]
[SourceDate "2020.07.18"]
[SourceVersion "1"]
[SourceVersionDate "2020.09.10"]
[SourceQuality "1"]

1. Nf3 Nf6 2. c4 g6 3. b3 Bg7 4. Bb2 c5 5. g3 d6 6. Bg2 e5 7. d3 O-O 8. O-O Nc6
9. Nc3 Ne8 10. Qd2 Nc7 11. e3 Bf5 12. Rfe1 Rb8 13. d4 e4 14. Nh4 Re8 15. Nxf5
gxf5 16. Ne2 Nb4 17. Nc1 Qg5 18. d5 b5 19. a3 Nba6 20. Rb1 Rb6 21. Ne2 Reb8 22.
Nc3 b4 23. Ne2 bxa3 24. Bxg7 Qxg7 25. Qa2 Nb4 26. Qxa3 Nc2 27. Qxa7 R8b7 28.
Qa4 Nxe1 29. Rxe1 Rxb3 30. Qd7 Qf6 31. Nf4 Qe5 32. Qd8+ Ne8 33. Ne6 fxe6 34.
Qxe8+ Kg7 35. dxe6 Qf6 36. Rd1 Re7 37. Qc6 Rxe6 38. Bh3 Rd3 39. Rxd3 exd3 40.
Qd5 Qa1+ 41. Kg2 Qe5 42. Qxd3 Qe4+ 43. Qxe4 Rxe4 44. Bxf5 Rxc4 45. Kf3 Rb4 46.
h4 h6 47. e4 Kf6 48. g4 Ke5 49. g5 hxg5 50. hxg5 d5 51. Ke3 dxe4 52. Bh7 Rb3+
53. Ke2 c4 54. g6 Rb7 55. Bg8 c3 56. Bf7 Kf6 57. Ke1 Rb2 58. Bd5 Rd2 0-1

[Event "Madrid ch 2019-2020"]
[Site "Madrid ESP"]
[Date "2020.07.21"]
[Round "4.14"]
[White "Garcia Gonzalez, Jesus"]
[Black "Alises Fontecha, Juan"]
[Result "0-1"]
[WhiteElo "2029"]
[BlackElo "1671"]
[PlyCount "57"]
[EventDate "2020.07.18"]
[EventType "swiss"]
[EventRounds "9"]
[EventCountry "ESP"]
[SourceTitle "Ajedrez en Madrid"]
[Source "lmi"]
[SourceDate "2020.07.18"]
[SourceVersion "1"]
[SourceVersionDate "2020.09.10"]
[SourceQuality "1"]

1. d4 d5 2. Nf3 Nf6 3. Bg5 Nbd7 4. Nbd2 e6 5. e3 Be7 6. Bd3 O-O 7. c3 c5 8. Ne5
Nxe5 9. dxe5 Nd7 10. Bf4 f5 11. h4 b6 12. Nf3 Bb7 13. c4 b5 14. b3 bxc4 15.
bxc4 Nb6 16. Nd2 d4 17. Nf3 dxe3 18. Bxe3 Qc7 19. Qc2 Bxf3 20. gxf3 Qxe5 21.
O-O-O f4 22. Bxh7+ Kh8 23. Bd2 Bf6 24. Bd3 Rab8 25. Rde1 Qa1+ 26. Qb1 Qxb1+ 27.
Bxb1 Nxc4 28. Rxe6 Rfd8 29. Bxf4 0-1

[Event "Madrid ch 2019-2020"]
[Site "Madrid ESP"]
[Date "2020.07.21"]
[Round "4.15"]
[White "Giron Herranz, Juan"]
[Black "Andrade Sandoval, Bianca"]
[Result "1/2-1/2"]
[WhiteElo "1811"]
[BlackElo "1900"]
[PlyCount "84"]
[EventDate "2020.07.18"]
[EventType "swiss"]
[EventRounds "9"]
[EventCountry "ESP"]
[SourceTitle "Ajedrez en Madrid"]
[Source "lmi"]
[SourceDate "2020.07.18"]
[SourceVersion "1"]
[SourceVersionDate "2020.09.10"]
[SourceQuality "1"]

1. d4 d5 2. c4 e6 3. Nc3 Nf6 4. Bf4 c6 5. Nf3 Nbd7 6. e3 Be7 7. cxd5 exd5 8.
Bd3 O-O 9. O-O Re8 10. Qc2 Nf8 11. h3 Be6 12. Ne5 N6d7 13. Rac1 f6 14. Nxd7
Qxd7 15. Rfd1 Bd6 16. Ne2 Bf7 17. Bxd6 Qxd6 18. Nf4 Rad8 19. a3 a5 20. h4 g6
21. Qe2 Be6 22. Qf3 Qd7 23. Nxe6 Qxe6 24. h5 Qf7 25. g3 gxh5 26. Kg2 h4 27.
gxh4 Qg7+ 28. Kh3 Kf7 29. Rg1 Qh6 30. Qg3 Ne6 31. Bf5 Re7 32. Bxe6+ Kxe6 33. e4
dxe4 34. Qb3+ Rd5 35. Rce1 Qf4 36. Rg4 Qf5 37. Rexe4+ Kd6 38. Rxe7 Kxe7 39.
Qxb7+ Rd7 40. Qxc6 Rxd4 41. Qb7+ Ke8 42. Qc6+ Ke7 1/2-1/2

[Event "Madrid ch 2019-2020"]
[Site "Madrid ESP"]
[Date "2020.07.21"]
[Round "4.16"]
[White "Vukotic Jovsic, Dragan"]
[Black "Cujba, Anca-Claudia"]
[Result "0-1"]
[WhiteElo "1905"]
[BlackElo "1673"]
[PlyCount "106"]
[EventDate "2020.07.18"]
[EventType "swiss"]
[EventRounds "9"]
[EventCountry "ESP"]
[SourceTitle "Ajedrez en Madrid"]
[Source "lmi"]
[SourceDate "2020.07.18"]
[SourceVersion "1"]
[SourceVersionDate "2020.09.10"]
[SourceQuality "1"]

1. Nf3 Nf6 2. d4 g6 3. Bf4 Bg7 4. e3 d6 5. h3 O-O 6. Be2 b6 7. O-O Bb7 8. Nbd2
Nbd7 9. c3 e6 10. a4 a5 11. b4 Nd5 12. Qb3 Nxf4 13. exf4 axb4 14. Qxb4 Bh6 15.
g3 Ra7 16. a5 Qa8 17. a6 Bxa6 18. Qa4 Bxe2 19. Qxa7 Qxa7 20. Rxa7 Bxf1 21. Kxf1
Rc8 22. Nc4 Nf6 23. Na3 Ne4 24. c4 Bf8 25. d5 exd5 26. Nd4 dxc4 27. Nxc4 d5 28.
Ne5 Bc5 29. Ndc6 Kg7 30. Nd3 Nd2+ 31. Ke2 Nb3 32. Nxc5 Nxc5 33. g4 Kf6 34. Ke3
Ne6 35. f5 gxf5 36. gxf5 d4+ 37. Ke4 Ng5+ 38. Kxd4 Nxh3 39. f3 Ng5 40. Ke3 h5
41. Kf4 h4 42. Nb4 c6 43. Ra6 h3 44. Rxb6 h2 45. Nd5+ Kg7 46. Rb1 Rh8 47. Kxg5
cxd5 48. f6+ Kh7 49. Rh1 Rg8+ 50. Kf4 Rg2 51. Ke3 Kg6 52. Kd4 Kxf6 53. Kxd5 Kf5
0-1